000 00399cam a2200181 4500
001 D12198
008 090401t1937 xxu||||| |||| 00| 0 eng d
035 _a(Sirsi) u1852
041 _aeng
100 _aBooth, E. Witton
245 _aValuations for rating
250 _a3rd
260 _bButterworths and Co
_c1937
350 _a0
520 _aShelf 113
942 _n0
948 _c04/03/1997
999 _c85707
_d85707